000
00290nam a22001217a 4500
008
170616b xxu||||| |||| 00| 0 eng d
041
_a
eng
080
_a
94(100)
100
_a
30
101
_a
SHP
245
_a
THREE FACES ACTION FRANCAISE IATLIAN FASCISM
_c
NOLTE.E
942
_2
udc
_c
BK
999
_c
17849
_d
17849